Diccionario de dominicanismos y americanismos : (Registro nro. 13428)

Detalles MARC
000 -LIDER
fixed length control field 01169nam a2200313 a 4500
001 - NÚMERO DE CONTROL
Identificador de número de control 000002991
003 - IDENTIFICACDOR DE NÚMERO DE CONTROL
control field DO-SdBNP
005 - DATE AND TIME OF LATEST TRANSACTION
control field 20220525132120.0
008 - ELEMENTOS DE LONGITUD FIJA
fixed length control field 090706s2008 dr 000 0 spa d
020 ## - ISBN
International Standard Book Number 9789993439547
040 ## - FUENTE DE CATALOGACIÓN
Agencia que crea de manera original el registro BPMSU
Idioma de catalogación spa
Agencia que realiza la transcripción BPMSU
082 ## - NÚMERO DE CLASIFICACIÓN DECIMAL DE DEWEY
Classification number R467.97293
Item number U76d, 2008
Edition number 22
100 1# - ASIENTO PRINCIPAL -- NOMBRE PERSONAL
Nombre personal Uribe, Max,
Fechas asociadas con el nombre 1900 -1996
245 10 - MENCIÓN DE TITULO
Título Diccionario de dominicanismos y americanismos :
Subtítulo palabras y sus orígenes /
Mención de responsabilidad Max Uribe ; prólogo Mariano Lebrón Saviñón ; colaborador Juan Daniel Balcácer
250 ## - MENCIÓN DE EDICION
Mención de edición 2a ed.
260 ## - PUBLICACIÓN, DISTRIBUCIÓN, ETC. (PIE DE IMPRENTA)
Lugar de publicación, distribución, etc Santo Domingo :
Nombre del editor, distribuidor, etc. Ediciones Librería La Trinitaria,
Fecha de publicación, distribución, etc 2008.
300 ## - DESCRIPCIÓN FÍSICA
Extensión 634 p. ;
Dimensiones 28 cm.
500 ## - NOTA GENERAL
Nota general Edición especial por el 40 aniversario de la Librería la Trinitaria
590 ## - NOTA LOCAL
Enlace Inventariado, 2021/VM
650 #4 - ENCABEZAMIENTO DE MATERIA--TEMÁTICO
Término temático o nombre geográfico como elemento de entrada Dominicanismos
Subdivisión de forma Diccionarios
650 #4 - ENCABEZAMIENTO DE MATERIA--TEMÁTICO
Término temático o nombre geográfico como elemento de entrada Americanismos
Subdivisión de forma Diccionarios
650 #4 - ENCABEZAMIENTO DE MATERIA--TEMÁTICO
Término temático o nombre geográfico como elemento de entrada Español
Subdivisión temática general Etimología
Subdivisión de forma Diccionarios
650 #4 - ENCABEZAMIENTO DE MATERIA--TEMÁTICO
Término temático o nombre geográfico como elemento de entrada Español
Subdivisión temática general Lexicógrafo
650 #4 - ENCABEZAMIENTO DE MATERIA--TEMÁTICO
Término temático o nombre geográfico como elemento de entrada Español
Subdivisión de forma Diccionarios
Subdivisión geográfica República Dominicana
700 1# - ASIENTO SECUNDARIO -- NOMBRE PERSONAL
Nombre personal Lebrón Saviñón, Mariano,
Fechas asociadas con el nombre 1922-
Mención de responsabilidad pról.
700 1# - ASIENTO SECUNDARIO -- NOMBRE PERSONAL
Nombre personal Balcácer, Juan Daniel
Mención de responsabilidad colab.
910 ## - VALIDACIÓN
Validación VMateo
942 ## - ADDED ENTRY ELEMENTS (KOHA)
Source of classification or shelving scheme Dewey Decimal Classification
Koha item type Libros
Existencias
Withdrawn status Lost status Source of classification or shelving scheme Damaged status Not for loan Collection code Home library Current library Date acquired Source of acquisition Full call number Barcode Date last seen Price effective from Koha item type Copy number
    Dewey Decimal Classification     Colección de Referencia Dominicana Biblioteca Pública Metropolitana Salomé Ureña Biblioteca Pública Metropolitana Salomé Ureña 04/22/2021 Compra BPMSU CRD R467.97293 U76d 2008 BPMSU21040032 04/22/2021 04/22/2021 Libros  
    Dewey Decimal Classification     Colección de Referencia Dominicana Biblioteca Pública Metropolitana Salomé Ureña Biblioteca Pública Metropolitana Salomé Ureña 04/22/2021 Compra BPMSU CRD R467.97293 U76d 2008 BPMSU21040033 04/22/2021 04/22/2021 Libros e.2
    Dewey Decimal Classification     Colección de Referencia Dominicana Biblioteca Pública Metropolitana Salomé Ureña Biblioteca Pública Metropolitana Salomé Ureña 04/22/2021 Compra BPMSU CRD R467.97293 U76d 2008 BPMSU21040034 04/22/2021 04/22/2021 Libros e.3